Best Tennis Grand Slam Men's Player By Country - Statistics

General Stats
  • This quiz has been taken 447 times
    148 since last reset
  • The average score is 13 of 20
Answer Stats
Country Player % Correct
Serbia Novak Djokovic
98%
Spain Rafael Nadal
97%
Switzerland Roger Federer
96%
United Kingdom Andy Murray
87%
Sweden Björn Borg
84%
Germany Boris Becker
79%
Italy Jannik Sinner
79%
Czechoslovakia Ivan Lendl
72%
Japan Kei Nishikori
69%
Austria Dominic Thiem
67%
Brazil Gustavo Kuerten
66%
United States Jimmy Connors
66%
Russia Marat Safin
65%
Australia John Newcombe
55%
Argentina Guillermo Vilas
53%
Romania Ilie Năstase
53%
Croatia Goran Ivanišević
52%
France Jo-Wilfried Tsonga
46%
South Africa* Johan Kriek
27%
Netherlands Tom Okker
17%
No matching quizzes found
Score Distribution
Percent of People with Each Score
Percentile by Number Answered
Your Score History
You have not taken this quiz since the last reset